Online
Catalog
Normal view MARC view

Entry Nombre de reunión

Number of records used in: 3

001 - NÚMERO DE CONTROL

  • campo de control: 84334

003 - IDENTIFICADOR DEL NÚMERO DE CONTROL

  • campo de control: DO-SdBNP

005 - FECHA Y HORA DE LA ÚLTIMA TRANSACCIÓN

  • campo de control: 20231003110940.0

008 - DATOS DE LONGITUD FIJA

  • campo de control de longitud fija: 231003|| aca||aabn | a|a d

040 ## - FUENTE DE LA CATALOGACIÓN

  • Centro catalogador/agencia de origen: DO-SdBNP
  • Centro/agencia transcriptor: DO-SdBNP

111 ## - ENCABEZAMIENTO--NOMBRE DE CONGRESO/REUNIÓN

  • Nombre de congreso/reunión o jurisdicción como elemento de entrada: Concurso Biblioteca ¨Juan Pablo Duarte¨ 2002
  • Fecha del congreso/reunión: (2002 : Santo Domingo)

670 ## - FUENTE DE DATOS ENCONTRADOS

  • Cita de la fuente: Work cat.: (DO-SdBNP)38629: Concurso Biblioteca ¨Juan Pablo Duarte¨ 2002 (2002 : Santo Domingo), Nueva literatura económica dominicana :

Powered by Koha